书目信息 |
| 题名: |
蝴蝶效应
|
|
| 作者: | 石山水 编著 | |
| 分册: | ||
| 出版信息: | 北京 中国民族摄影艺术出版社 2004 |
|
| 页数: | 220页 | |
| 开本: | 21cm | |
| 丛书名: | 智话寓言丛书 | |
| 单 册: | ||
| 中图分类: | B821-49 | |
| 科图分类: | ||
| 主题词: | 人生哲学--通俗读物 | |
| 电子资源: | ||
| ISBN: | 7-80069-600-6 | |
| 000 | 00928nam 22002652 4550 | |
| 001 | 192004003519 | |
| 005 | 20070917091218.68 | |
| 010 | @a7-80069-600-6@dCNY18.00 | |
| 100 | @a20070602d2004 ekmy0chiy0121 ea | |
| 101 | 0 | @achi |
| 102 | @aCN@b110000 | |
| 105 | @aa z 000yy | |
| 200 | 1 | @a蝴蝶效应@Ahu die xiao ying@e你不可以忽略身边的小事情@f石山水编著 |
| 210 | @a北京@c中国民族摄影艺术出版社@d2004 | |
| 215 | @a220页@c图@d21cm | |
| 225 | 2 | @a智话寓言丛书@Azhi hua yu yan cong shu |
| 300 | @a其他题名:你不可以忽略身边的小事情 | |
| 330 | @a本书启示我们不要忽略任何7507514935微小的事物,主要内容包括一枚马掌钉的故事、药物接力赛的故事等十二章。 | |
| 410 | 0 | @12001 @a智话寓言丛书 |
| 517 | 1 | @a你不可以忽略身边的小事情@Ani bu ke yi hu lue shen bian de xiao shi qing |
| 606 | 0 | @a人生哲学@j通俗读物 |
| 690 | @aB821-49@v4 | |
| 701 | 0 | @a石山水@Ashi shan shui@4编著 |
| 801 | 0 | @aCN@c20070917 |
| 905 | @dB821-49@eS539 | |
| 蝴蝶效应:你不可以忽略身边的小事情/石山水编著.-北京:中国民族摄影艺术出版社,2004 |
| 220页:图;21cm.-(智话寓言丛书) |
| 其他题名:你不可以忽略身边的小事情 |
| ISBN 7-80069-600-6:CNY18.00 |
| 本书启示我们不要忽略任何7507514935微小的事物,主要内容包括一枚马掌钉的故事、药物接力赛的故事等十二章。 |
| ● |
| 相关链接 |
|
|
|
正题名:蝴蝶效应
索取号:B821-49/S539
 
预约/预借
| 序号 | 登录号 | 条形码 | 馆藏地/架位号 | 状态 | 备注 |
| 1 | 618268 | 206182682 | 社科库509/509社科库 26排3列4层/ [索取号:B821-49/S539] | 在馆 | |
| 2 | 618269 | 206182691 | 社科库509/509社科库 26排3列4层/ [索取号:B821-49/S539] | 在馆 | |
| 3 | 618270 | 206182708 | 社科库509/509社科库 26排3列4层/ [索取号:B821-49/S539] | 在馆 |